[Event "FIRST SATURDAY IM  MARCH 2013"]
[Site "Budapest"]
[Date "2013.02.08"]
[Round "6.4"]
[White "Petran, Pal"]
[Black "Balint, Vilmos"]
[Result "1-0"]
[WhiteElo "2320"]
[BlackElo "2240"]
[PlyCount "73"]
[EventDate "2012.02.02"]

1. d4 c5 2. d5 e5 3. e4 d6 4. Nc3 g6 5. Be2 a6 6. a4 b6 7. Nf3 Bg7 8. O-O Ne7
9. Nd2 f5 10. Nc4 Ra7 11. f4 O-O 12. fxe5 dxe5 13. Bg5 h6 14. Bh4 g5 15. Bg3
Ng6 16. exf5 Bxf5 17. Bg4 Nf4 18. Bxf5 Rxf5 19. Ne4 Rf8 20. d6 Raf7 21. Bxf4
exf4 22. Qd5 Nd7 23. c3 Qa8 24. Qxa8 Rxa8 25. a5 b5 26. Nb6 Re8 27. Rfe1 Re5
28. Rad1 Kf8 29. Nd5 f3 30. g3 c4 31. Kf2 g4 32. Nb4 Rh5 33. Kg1 f2+ 34. Nxf2
Ne5 35. Rxe5 Rxe5 36. d7 Bf6 37. Nxg4 1-0

[Event "FIRST SATURDAY IM  MARCH 2013"]
[Site "Budapest"]
[Date "2013.02.08"]
[Round "6.5"]
[White "To, Nhat Minh"]
[Black "Bai, Jinshi"]
[Result "1/2-1/2"]
[WhiteElo "2272"]
[BlackElo "2236"]
[PlyCount "62"]
[EventDate "2012.02.02"]

1. c4 Nf6 2. Nc3 e6 3. d4 d5 4. cxd5 exd5 5. Bg5 Be7 6. e3 O-O 7. Bd3 Nbd7 8.
Nge2 h6 9. Bh4 c5 10. O-O b6 11. Qc2 Bb7 12. f3 Rc8 13. Rad1 Re8 14. Bf5 g6 15.
Bh3 Nh7 16. Bf2 Ng5 17. Bxd7 Qxd7 18. dxc5 Bxc5 19. h4 Nh7 20. Qd2 Qe7 21. Nf4
Nf6 22. h5 g5 23. Nfxd5 Nxd5 24. Nxd5 Bxd5 25. Qxd5 Bxe3 26. Qf5 Rc5 27. Qd3
Bxf2+ 28. Rxf2 Re5 29. Qd4 Re1+ 30. Rxe1 Qxe1+ 31. Kh2 Qe5+ 1/2-1/2

[Event "FIRST SATURDAY IM  MARCH 2013"]
[Site "Budapest"]
[Date "2013.02.09"]
[Round "7.1"]
[White "Bai, Jinshi"]
[Black "Keschitz, Gyorgy"]
[Result "1-0"]
[WhiteElo "2236"]
[BlackElo "2223"]
[PlyCount "103"]
[EventDate "2012.02.02"]

1. Nf3 Nf6 2. c4 g6 3. Nc3 Bg7 4. d4 d6 5. g3 O-O 6. Bg2 c6 7. O-O Nbd7 8. e4
e5 9. h3 exd4 10. Nxd4 Re8 11. Be3 Nc5 12. Qc2 a5 13. Rfe1 Nfd7 14. Rad1 a4 15.
f4 Qa5 16. Nde2 f5 17. Bd4 Nf6 18. e5 dxe5 19. Bxe5 Qb4 20. Nb1 Be6 21. Nd2
Rad8 22. Nd4 Bf7 23. Kh2 Ncd7 24. N4f3 Nxe5 25. Nxe5 Be6 26. Re2 Nd7 27. Nd3
Qa5 28. Nf3 h6 29. Nde5 Kh7 30. Rde1 Nc5 31. g4 Ne4 32. Rxe4 fxe4 33. Qxe4 Bf7
34. f5 Bxe5+ 35. Nxe5 Qxe5+ 36. Qxe5 Rxe5 37. Rxe5 Bxc4 38. Re7+ Kg8 39. Rxb7
gxf5 40. gxf5 Rd2 41. Kg3 Bb5 42. Bf3 a3 43. bxa3 Rd3 44. Ra7 c5 45. Kf4 c4 46.
a4 Bd7 47. Be2 Rd2 48. Bxc4+ Kf8 49. Ke5 h5 50. Kf6 h4 51. Ra8+ Be8 52. Bb5 1-0

[Event "FIRST SATURDAY IM  MARCH 2013"]
[Site "Budapest"]
[Date "2013.02.09"]
[Round "7.2"]
[White "Balint, Vilmos"]
[Black "To, Nhat Minh"]
[Result "0-1"]
[WhiteElo "2240"]
[BlackElo "2272"]
[PlyCount "57"]
[EventDate "2012.02.02"]

1. e4 Nf6 2. e5 Nd5 3. c4 Nb6 4. d4 d6 5. exd6 cxd6 6. Nc3 g6 7. Be2 Bg7 8. h3
O-O 9. Nf3 Nc6 10. O-O Bf5 11. Bg5 h6 12. Be3 d5 13. c5 Nc4 14. Bc1 b6 15. b3
N4a5 16. Ba3 Be4 17. Rc1 bxc5 18. Bxc5 Nb7 19. Ba3 Qa5 20. Na4 Rfc8 21. Bc5 e6
22. a3 Bxf3 23. Bxf3 Nxc5 24. dxc5 Nd4 25. Re1 Rab8 26. Rb1 Nxb3 27. Bxd5 exd5
28. Qxd5 Rd8 29. Qc6 0-1

[Event "FIRST SATURDAY IM  MARCH 2013"]
[Site "Budapest"]
[Date "2013.02.09"]
[Round "7.3"]
[White "Zhou, Guijue"]
[Black "Petran, Pal"]
[Result "1-0"]
[WhiteElo "2194"]
[BlackElo "2320"]
[PlyCount "62"]
[EventDate "2012.02.02"]

1. e4 e5 2. Nf3 Nc6 3. Bc4 Nf6 4. d3 Bc5 5. c3 d6 6. h3 h6 7. Bb3 a6 8. Nbd2
Ba7 9. Nf1 Ne7 10. Ng3 Ng6 11. O-O O-O 12. d4 Re8 13. Bc2 Bd7 14. Be3 Bc6 15.
d5 Bb5 16. Re1 Nf4 17. Qd2 Bxe3 18. fxe3 N4h5 19. Nxh5 Nxh5 20. g4 Nf6 21. Kh2
g5 22. Rg1 Kg7 23. Rg2 Rh8 24. Qf2 Qe7 25. a4 Bd7 26. Rf1 Rag8 27. Kg1 Nh7 28.
Nh2 h5 29. Bd1 hxg4 30. Bxg4 Bxg4 31. Rxg4 Nf8 1-0

[Event "FIRST SATURDAY IM  MARCH 2013"]
[Site "Budapest"]
[Date "2013.02.09"]
[Round "7.5"]
[White "Szeberenyi, Adam"]
[Black "Szalanczy, Emil"]
[Result "1-0"]
[WhiteElo "2319"]
[BlackElo "2237"]
[PlyCount "48"]
[EventDate "2012.02.02"]

1. d4 Nf6 2. Nf3 d5 3. c4 c6 4. e3 e6 5. Nc3 Nbd7 6. Qc2 Bd6 7. e4 dxe4 8. Nxe4
Nxe4 9. Qxe4 Nf6 10. Qh4 O-O 11. Bd2 Be7 12. Bd3 g6 13. O-O-O b5 14. c5 Bd7 15.
Rhe1 Nh5 16. Qe4 Nf6 17. Qh4 Nh5 18. Qe4 Nf6 19. Qe2 Nd5 20. g3 Bf6 21. h4 Bg7
22. h5 f5 23. hxg6 hxg6 24. Ne5 Be8 1-0

[Event "FIRST SATURDAY IM  MARCH 2013"]
[Site "Budapest"]
[Date "2013.02.10"]
[Round "8.1"]
[White "Keschitz, Gyorgy"]
[Black "Szalanczy, Emil"]
[Result "1/2-1/2"]
[WhiteElo "2223"]
[BlackElo "2237"]
[PlyCount "96"]
[EventDate "2012.02.02"]

1. Nf3 Nf6 2. g3 g6 3. Bg2 Bg7 4. d3 O-O 5. O-O c5 6. c3 Na6 7. e4 d6 8. Re1 e5
9. a4 Nc7 10. Na3 h6 11. d4 exd4 12. cxd4 Bg4 13. dxc5 dxc5 14. Qxd8 Rfxd8 15.
Ne5 Be6 16. Nec4 Rd4 17. Na5 Rxa4 18. Nxb7 Nd7 19. e5 Rb8 20. f4 Nd5 21. Nd6
Nb4 22. Rd1 Bb3 23. Rd2 Nb6 24. Ne4 Bf8 25. Nc3 Ra5 26. Nc2 Rxa1 27. Nxa1 Be6
28. Be4 c4 29. Nc2 Bc5+ 30. Kg2 Nd3 31. Bxd3 cxd3 32. Rxd3 Bf5 33. Rd2 Nc4 34.
Rd5 Bb6 35. Nd4 Bxd4 36. Rxd4 Nxb2 37. Nd5 Kf8 38. Nb4 Ke8 39. Bxb2 a5 40. Ba3
axb4 41. Bxb4 h5 42. h3 Rd8 43. Bd6 Rc8 44. g4 hxg4 45. hxg4 Bxg4 46. Kg3 Be6
47. Kh4 Rc4 48. Rxc4 Bxc4 1/2-1/2

[Event "FIRST SATURDAY IM  MARCH 2013"]
[Site "Budapest"]
[Date "2013.02.10"]
[Round "8.2"]
[White "Wittmann, Walter"]
[Black "Szeberenyi, Adam"]
[Result "1/2-1/2"]
[WhiteElo "2240"]
[BlackElo "2319"]
[PlyCount "31"]
[EventDate "2012.02.02"]

1. e4 c5 2. Nf3 e6 3. d4 cxd4 4. Nxd4 a6 5. Nc3 Qc7 6. Bd3 Nc6 7. Nxc6 dxc6 8.
O-O e5 9. f4 Nf6 10. f5 Bc5+ 11. Kh1 h5 12. Qf3 Ng4 13. Nd1 Bd7 14. Ne3 Bxe3
15. Bxe3 Nxe3 16. Qxe3 1/2-1/2

[Event "FIRST SATURDAY IM  MARCH 2013"]
[Site "Budapest"]
[Date "2013.02.10"]
[Round "8.4"]
[White "To, Nhat Minh"]
[Black "Zhou, Guijue"]
[Result "1/2-1/2"]
[WhiteElo "2272"]
[BlackElo "2194"]
[PlyCount "74"]
[EventDate "2012.02.02"]

1. d4 g6 2. c4 Bg7 3. Nc3 d6 4. e4 e5 5. Nf3 exd4 6. Nxd4 Nf6 7. Be2 O-O 8. O-O
Re8 9. f3 Nc6 10. Be3 Nh5 11. Qd2 Nf4 12. Rfd1 Nxd4 13. Bxd4 Bxd4+ 14. Qxd4
Nxe2+ 15. Nxe2 Be6 16. Rac1 Qg5 17. Nc3 a6 18. b3 Re7 19. Qd2 Qxd2 20. Rxd2 f6
21. Kf2 Rf8 22. Re1 h5 23. Ne2 Rfe8 24. Nd4 Bf7 25. Rc1 Re5 26. h4 Kg7 27. Ne2
f5 28. exf5 Rxf5 29. f4 Be6 30. g3 Rf7 31. Nc3 Rfe7 32. Re1 Bf7 33. Rxe7 Rxe7
34. Nd1 b5 35. cxb5 axb5 36. Ne3 Re8 37. Rc2 c5 1/2-1/2

[Event "FIRST SATURDAY IM  MARCH 2013"]
[Site "Budapest"]
[Date "2013.02.10"]
[Round "8.5"]
[White "Bai, Jinshi"]
[Black "Balint, Vilmos"]
[Result "1-0"]
[WhiteElo "2236"]
[BlackElo "2240"]
[PlyCount "59"]
[EventDate "2012.02.02"]

1. d4 Nf6 2. Nf3 e6 3. c4 b6 4. g3 Bb7 5. Bg2 Bb4+ 6. Bd2 Qe7 7. O-O O-O 8. Nc3
c5 9. Bf4 Bxc3 10. bxc3 Rc8 11. Rc1 Be4 12. Qd2 Nc6 13. Bg5 Na5 14. Qf4 Bb7 15.
e4 h6 16. Bh4 Qf8 17. Bxf6 gxf6 18. Qxf6 Bxe4 19. Rfe1 Bb7 20. d5 Qg7 21. Qf4
exd5 22. Ne5 dxc4 23. Ng4 Bxg2 24. Nxh6+ Kh7 25. Re7 Rf8 26. Nxf7 Kg8 27. Nh6+
Kh8 28. Qh4 Qf6 29. Nf7+ Kg7 30. Ne5+ 1-0

[Event "FIRST SATURDAY IM  MARCH 2013"]
[Site "Budapest"]
[Date "2013.02.11"]
[Round "9.2"]
[White "Zhou, Guijue"]
[Black "Bai, Jinshi"]
[Result "0-1"]
[WhiteElo "2194"]
[BlackElo "2236"]
[PlyCount "102"]
[EventDate "2012.02.02"]

1. e4 e5 2. Bc4 Nc6 3. Nf3 Nf6 4. d3 Bc5 5. c3 O-O 6. h3 d5 7. exd5 Nxd5 8. O-O
Bf5 9. b4 Be7 10. Re1 Bf6 11. Ba3 Re8 12. Qb3 Be6 13. Nbd2 Nf4 14. Bxe6 Rxe6
15. Ne4 Be7 16. b5 Na5 17. Qa4 Bxa3 18. Qxa5 Rg6 19. Ng3 Bc5 20. d4 Bb6 21. Qa3
h5 22. h4 exd4 23. cxd4 Bxd4 24. Nxd4 Qxd4 25. Rad1 Rxg3 26. Qxg3 Qxd1 27. Rxd1
Ne2+ 28. Kh2 Nxg3 29. Kxg3 Kf8 30. Kf4 a6 31. Rd7 axb5 32. Rxc7 Rxa2 33. Ke3
Rb2 34. Rxb7 b4 35. g3 f6 36. f3 Kg8 37. Rb5 g6 38. Rb7 b3 39. g4 hxg4 40. fxg4
Rb1 41. g5 fxg5 42. hxg5 b2 43. Kd2 Rf1 44. Rxb2 Rf2+ 45. Kc3 Rxb2 46. Kxb2 Kf7
47. Kc2 Ke6 48. Kd3 Kf5 49. Ke3 Kxg5 50. Kf3 Kh4 51. Kf2 Kg4 0-1

[Event "FIRST SATURDAY IM  MARCH 2013"]
[Site "Budapest"]
[Date "2013.02.11"]
[Round "9.4"]
[White "Szeberenyi, Adam"]
[Black "Petran, Pal"]
[Result "1/2-1/2"]
[WhiteElo "2319"]
[BlackElo "2320"]
[PlyCount "29"]
[EventDate "2012.02.02"]

1. d4 Nf6 2. c4 e6 3. Nf3 d5 4. Nc3 c5 5. e3 Nc6 6. cxd5 exd5 7. dxc5 Bxc5 8.
Be2 O-O 9. O-O a6 10. b3 d4 11. Na4 Ba7 12. exd4 Nxd4 13. Nxd4 Bxd4 14. Bb2
Bxb2 15. Nxb2 1/2-1/2

[Event "FIRST SATURDAY IM  MARCH 2013"]
[Site "Budapest"]
[Date "2013.02.11"]
[Round "9.5"]
[White "Szalanczy, Emil"]
[Black "Wittmann, Walter"]
[Result "1-0"]
[WhiteElo "2237"]
[BlackElo "2240"]
[PlyCount "61"]
[EventDate "2012.02.02"]

1. c4 g6 2. Nc3 Bg7 3. Nf3 d6 4. g3 Nf6 5. Bg2 O-O 6. O-O Nc6 7. d3 e5 8. Bg5
h6 9. Bxf6 Qxf6 10. Rc1 Qd8 11. e3 Be6 12. Nd2 Rb8 13. Qa4 Bd7 14. b4 a6 15.
Nd5 Nd4 16. Qd1 Ne6 17. a4 c6 18. Nc3 a5 19. b5 f5 20. Nb3 g5 21. d4 e4 22. g4
fxg4 23. Bxe4 Nf4 24. exf4 gxf4 25. f3 Qh4 26. Rc2 Rbe8 27. Rg2 gxf3 28. Qxf3
Bh3 29. Kh1 Bxg2+ 30. Kxg2 Re7 31. Kh1 1-0